Costo Venezuela : opciones de política para mejorar la competitividad /

Saved in:
Bibliographic Details
Other Authors: Penfold-Becerra, Michael.
Format: Book
Language:Spanish
Published: Caracas, Venezuela : Corporación Andino de Fomento : Consejo Nacional de Promoción de Inversiones, 2002.
Subjects:
Tags: Add Tag
No Tags, Be the first to tag this record!
LEADER 01131cam a2200265Ia 4500
001 009331663-1
005 20040714115424.0
008 031121s2002 ve a b 000 0 spa d
035 0 |a ocm53478644 
040 |a BID  |c BID  |d CUS 
043 |a s-ve--- 
090 |a HC237  |b .C67 2002 
245 0 0 |a Costo Venezuela :  |b opciones de política para mejorar la competitividad /  |c Michael Penfold, editor. 
246 3 0 |a Opciones de política para mejorar la competitividad 
260 |a Caracas, Venezuela :  |b Corporación Andino de Fomento :  |b Consejo Nacional de Promoción de Inversiones,  |c 2002. 
300 |a 2 v. :  |b col. ill. ;  |c 22 cm. 
504 |a Includes bibliographical references (v. 1, p. 286-293). 
505 0 |a 1. Ensayos sobre reformas institucionales para disminuir los costos de transacción -- 2. Base estadística sobre los costos administrativos a la inversión privada. 
650 0 |a Competition  |z Venezuela. 
650 0 |a Competition, International  |z Venezuela. 
650 0 |a Transaction costs  |z Venezuela. 
651 0 |a Venezuela  |x Commercial policy. 
700 1 |a Penfold-Becerra, Michael. 
988 |a 20040714 
906 |0 OCLC